000 00340 a2200157 4500
001 169640
020 _a
040 _cMagnum
100 _aLucchetti, Rubens Francisco
240 1 0 _aO fantasma do tio william
_lpor
245 1 0 _aO fantasma do tio william
362 0 _a1899
440 1 _aÁtica
697 _aJ/SUSPENSE
942 _cBK
999 _c169640
_d169640